Overview of ethics and conflict of interest provisions applicable to executive branch employees /

Bibliographic Details
Main Author: Maskell, Jack
Corporate Author: Library of Congress. Congressional Research Service
Format: Microform Book
Language:English
Published: Washington, D.C. : Congressional Research Service, Library of Congress, 1985.
Series:Report (Library of Congress. Congressional Research Service) ; no. 85-667 A.
Major studies and issue briefs of the Congressional Research Service. Supplement ; 1985-1986, reel 2, fr. 0789.
Subjects:

MARC

Tag First Indicator Second Indicator Subfields
LEADER 00000cam a2200000Ia 4500
001 in00001670721
005 20151024124302.0
007 hd afa014baca
008 000626s1985 dcu a f000 0 eng d
035 |a (OCoLC)ocm44481162 
040 |a HDB  |c HDB  |d UtOrBLW 
043 |a n-us--- 
049 |a TXAM 
090 |a JK1108  |b .M35 Suppl. 1985-86 reel 2, fr. 0789 
099 |a Film  |a S  |a 1707  |a 1985-1986, reel 2, fr. 0789  
100 1 |a Maskell, Jack. 
245 1 0 |a Overview of ethics and conflict of interest provisions applicable to executive branch employees /  |c Jack Maskell. 
264 1 |a Washington, D.C. :  |b Congressional Research Service, Library of Congress,  |c 1985. 
300 |a 33 pages ;  |c 28 cm. 
336 |a text  |b txt  |2 rdacontent 
337 |a microform  |b h  |2 rdamedia 
338 |a microfilm reel  |b hd  |2 rdacarrier 
500 |a Title from cover. 
500 |a "March 11, 1985." 
500 |a "85-667 A." 
500 |a "American Law Division." 
504 |a Includes bibliographical references. 
533 |a Microfilm.  |b Frederick, MD :  |c University Publications of America,  |d 1986.  |e on 1 microfilm reel ; 35 mm. Low reduction.  |f (Major studies and issue briefs of the Congressional Research Service. 1985-1986 supplement ; reel 2, fr. 0789). 
500 |a Microform. 
651 0 |a United States  |x Officials and employees  |x Professional ethics. 
650 0 |a Civil service ethics  |z United States. 
650 0 |a Political ethics  |z United States. 
650 0 |a Conflict of interests  |z United States. 
650 0 |a Executive departments  |z United States. 
710 2 |a Library of Congress.  |b Congressional Research Service. 
830 0 |a Report (Library of Congress. Congressional Research Service) ;  |v no. 85-667 A. 
830 0 |a Major studies and issue briefs of the Congressional Research Service.  |p Supplement ;  |v 1985-1986, reel 2, fr. 0789. 
994 |a 92  |b TXA 
999 |a MARS 
999 f f |s dad4d91d-aa15-3bc5-8cf6-6825be76afe8  |i 3827cb25-ce85-3f26-9067-4e73398c28d5  |t 0 
952 f f |a Texas A&M University  |b College Station  |c Sterling C. Evans Library  |d Evans: Microforms (3rd floor)  |t 0  |e Film S 1707 1985-1986, reel 2, fr. 0789  |h Other scheme 
998 f f |a Film S 1707 1985-1986, reel 2, fr. 0789  |t 0  |l Evans: Microforms (3rd floor)